MARC details
| 000 -LEADER |
| fixed length control field |
02418nam a22003497a 4500 |
| 001 - CONTROL NUMBER |
| control field |
103644 |
| 003 - CONTROL NUMBER IDENTIFIER |
| control field |
KnowledgeUnlatched |
| 005 - DATE AND TIME OF LATEST TRANSACTION |
| control field |
20210303105122.0 |
| 006 - FIXED-LENGTH DATA ELEMENTS--ADDITIONAL MATERIAL CHARACTERISTICS |
| fixed length control field |
m o d |
| 007 - PHYSICAL DESCRIPTION FIXED FIELD--GENERAL INFORMATION |
| fixed length control field |
cr u|||||||||| |
| 008 - FIXED-LENGTH DATA ELEMENTS--GENERAL INFORMATION |
| fixed length control field |
210129p20182019gw o u00| u ger d |
| 037 ## - SOURCE OF ACQUISITION |
| Institution to which field applies |
BiblioBoard |
| 020 ## - INTERNATIONAL STANDARD BOOK NUMBER |
| International Standard Book Number |
9783666300905 |
| 029 1# - OTHER SYSTEM CONTROL NUMBER (OCLC) |
| OCLC library identifier |
https://library.biblioboard.com/ext/api/media/4314f969-85e0-4ee0-8789-2d703239f621/assets/thumbnail.jpg |
| 040 ## - CATALOGING SOURCE |
| Original cataloging agency |
ScCtBLL |
| Transcribing agency |
ScCtBLL |
| 100 1# - MAIN ENTRY--PERSONAL NAME |
| Personal name |
Makhotina, Ekaterina |
| Relator term |
author. |
| 245 00 - TITLE STATEMENT |
| Title |
Erinnerungen an den Krieg - Krieg der Erinnerungen |
| Remainder of title |
Litauen und der Zweite Weltkrieg / |
| Statement of responsibility, etc. |
Ekaterina Makhotina. |
| 264 #1 - PRODUCTION, PUBLICATION, DISTRIBUTION, MANUFACTURE, AND COPYRIGHT NOTICE |
| Name of producer, publisher, distributor, manufacturer |
Vandenhoeck & Ruprecht, |
| 300 ## - PHYSICAL DESCRIPTION |
| Extent |
1 online resource (479 p.) |
| 506 0# - RESTRICTIONS ON ACCESS NOTE |
| Terms governing access |
Access copy available to the general public. |
| Standardized terminology for access restriction |
Unrestricted |
| Source of term |
star |
| 520 ## - SUMMARY, ETC. |
| Summary, etc. |
Dieses Buch schreibt die Geschichte der litauischen Erinnerungskultur auf eine neue und unkonventionelle Art und Weise. Durch den Fokus auf die Geschichte der Gedenkstätten und Denkmale des Zweiten Weltkrieges werden vielfältige Akteure, Erinnerungspraktiken und historische Diskurse umfassend ausgeleuchtet. Hatten die ersten Kriegsdenkmale und Museen die Funktion, auf die Präsenz der Sowjetmacht hinzuweisen, wurde in den 1960er Jahren das Motiv des litauischen Heldenmutes und Widerstandes zentral. Diese Nationalisierung des Widerstandes ging auf Kosten der jüdischen Untergrundkämpfer; und auch für jüdische Opfer der Massenvernichtung während der deutschen Besatzung war in der sowjetischen Erinnerungspolitik kaum Platz. Nach dem politischen Umbruch und der Wiedererlangung der Staatssouveränität im Jahr 1990 bekam die »erlebte« Geschichte - und vor allem die Erfahrung der Opfer des stalinistischen Terrors - einen zentralen Platz in der öffentlichen Geschichtspräsentation. Fast alle Erinn |
| 588 0# - SOURCE OF DESCRIPTION NOTE |
| Source of description note |
Description based on print version record. |
| 590 ## - LOCAL NOTE (RLIN) |
| Local note |
KU Open Services |
| 650 #7 - SUBJECT ADDED ENTRY--TOPICAL TERM |
| Topical term or geographic name entry element |
History |
| Source of heading or term |
bisacsh |
| 650 #0 - SUBJECT ADDED ENTRY--TOPICAL TERM |
| Topical term or geographic name entry element |
History |
| 655 #0 - INDEX TERM--GENRE/FORM |
| Genre/form data or focus term |
Electronic books. |
| 758 ## - |
| -- |
Is found in: |
| -- |
Knowledge Unlatched |
| -- |
https://openresearchlibrary.org/module/2774bc74-146a-484f-a7ba-ab1d6a09bbfb |
| 856 40 - ELECTRONIC LOCATION AND ACCESS |
| Uniform Resource Identifier |
<a href="https://openresearchlibrary.org/content/4314f969-85e0-4ee0-8789-2d703239f621">https://openresearchlibrary.org/content/4314f969-85e0-4ee0-8789-2d703239f621</a> |
| Public note |
View this content on Open Research Library. |
| -- |
0 |